Ashantis of Ghana; people with a soul,
Saved in:
| Main Authors: | , |
|---|---|
| Other Authors: | |
| Format: | Book |
| Language: | English |
| Published: |
Accra,
Anowuo Educational Publications,
1969.
|
| Subjects: | |
| Tags: |
Add Tag
No Tags, Be the first to tag this record!
|
| LEADER | 00865cam a2200265 4500 | ||
|---|---|---|---|
| 001 | 004716004-7 | ||
| 005 | 20020606095253.2 | ||
| 008 | 730212s1969 gh a 000 0 eng | ||
| 010 | |a 73152998 //r902 | ||
| 035 | 0 | |a ocm00189683 | |
| 035 | 0 | |a ocm00189683 |z ocm00273875 | |
| 040 | |a DLC |c DLC |d TOZ | ||
| 043 | |a f-gh--- | ||
| 050 | 0 | 0 | |a DT507 |b .T84 |
| 082 | 0 | 0 | |a 916.67 |
| 100 | 1 | |a Tufuo, J. W. | |
| 245 | 1 | 0 | |a Ashantis of Ghana; |b people with a soul, |c by J. W. Tufuo [and] C. E. Donkor. |
| 260 | |a Accra, |b Anowuo Educational Publications, |c 1969. | ||
| 300 | |a 127 p. |b illus. |c 22 cm. | ||
| 650 | 0 | |a Ashanti (African people) | |
| 700 | 1 | |a Donkor, C. E. |e joint author. | |
| 700 | 1 | |a Donkor, C. E., |e author. | |
| 776 | 0 | 8 | |i Online version: |a Tufuo, J.W. |t Ashantis of Ghana. |d Accra, Anowuo Educational Publications, 1969 |w (OCoLC)632023185 |
| 988 | |a 20020608 | ||
| 906 | |0 DLC | ||


